[Event "2011 SC Site Championship, Semifinal - Group III"]
[Site "SchemingMind.com"]
[Date "2011.09.25"]
[Round "-"]
[White "saxon"]
[Black "thebirdolux"]
[Result "1-0"]
[WhiteCountry "GER"]
[BlackCountry "USA"]
[WhiteElo "2528"]
[WhiteRD "102"]
[BlackElo "2285"]
[BlackRD "78"]
[GameID "293479"]

1. e4 e5 2. Nf3 Nc6 3. Bb5 a6 4. Ba4 Nf6 5. O-O Be7 6. Re1 b5 7. Bb3 O-O 8. h3 Bb7 9. d3 d6 10. a3 Na5
11. Ba2 c5 12. Nbd2 Bc8 13. c3 Be6 14. Bxe6 fxe6 15. b4 Nc6 16. Qb3 Qc8 17. Bb2 Nh5 18. g3 Qd7 19. a4 cxb4 20. cxb4 Kh8
21. Kg2
1-0

[Event "2011 SC Site Championship, Semifinal - Group III"]
[Site "SchemingMind.com"]
[Date "2011.09.25"]
[Round "-"]
[White "thebirdolux"]
[Black "saxon"]
[Result "0-1"]
[WhiteCountry "USA"]
[BlackCountry "GER"]
[WhiteElo "2285"]
[WhiteRD "78"]
[BlackElo "2528"]
[BlackRD "102"]
[GameID "293480"]

1. d4 d5 2. c4 c6 3. Nf3 Nf6 4. Nc3 e6 5. Bg5 h6 6. Bxf6 Qxf6 7. e3 Nd7 8. Qc2 g6 9. Bd3 dxc4 10. Bxc4 Bg7
11. Ne4 Qe7 12. O-O O-O 13. Bb3 e5 14. Nc3 Kh7 15. Rac1 exd4 16. exd4 Nf6 17. Rfe1 Qd6 18. Qd2 Bf5 19. h3 Rad8 20. Rcd1 Nd5
0-1

[Event "2011 SC Site Championship, Semifinal - Group III"]
[Site "SchemingMind.com"]
[Date "2011.09.25"]
[Round "-"]
[White "Uzi Mike"]
[Black "saxon"]
[Result "0-1"]
[WhiteCountry "USA"]
[BlackCountry "GER"]
[WhiteElo "2243"]
[WhiteRD "74"]
[BlackElo "2551"]
[BlackRD "97"]
[GameID "293492"]

1. e4 c5 2. Nf3 e6 3. d4 cxd4 4. Nxd4 Nc6 5. Nc3 Qc7 6. f4 a6 7. Be2 b5 8. Nxc6 Qxc6 9. Bf3 Bb7 10. Be3 Rc8
11. a3 Qc7 12. O-O Bc5 13. Bxc5 Qxc5+ 14. Kh1 Ne7 15. Qd3 Bc6 16. e5 O-O 17. Ne4 Qb6 18. Nd6 Rcd8 19. Be4 Bxe4 20. Nxe4 Nf5
21. Rfd1 h6 22. b3 Rc8 23. Rac1 Rfd8 24. c4 bxc4 25. bxc4 Qc6 26. Nd6 Nxd6 27. Qxd6 a5 28. h3 Qxd6 29. Rxd6 Rc5 30. Rd4 Kf8
31. Kg1 Ke7 32. Kf2 Rb8 33. Rcd1 Rb7 34. Ke3 f6 35. exf6+ gxf6 36. g4 Rbc7 37. Kd3 e5 38. fxe5 fxe5 39. Re4 Rb7 40. Rc1 Ke6
41. Ke2 Rb2+ 42. Kf3 Rc8 43. Re3 a4 44. Rcc3 Rf8+ 45. Kg3 Rff2 46. c5 Rfc2 47. Kh4 Rxc3 48. Rxc3 Rb3 49. Rc4 Kd5 50. c6 dxc6
51. Rxa4 c5 52. Ra5 Kd4 53. Ra6 c4 54. Rxh6 c3 55. Rc6 e4 56. g5 e3 57. Kg3 Rb1 58. Kf3 Rf1+ 59. Ke2 Rf2+ 60. Ke1 c2
61. g6 Rg2 62. g7 Rxg7 63. Kf1 Kd3
0-1

[Event "2011 SC Site Championship, Semifinal - Group III"]
[Site "SchemingMind.com"]
[Date "2011.09.24"]
[Round "-"]
[White "Uzi Mike"]
[Black "thebirdolux"]
[Result "1-0"]
[WhiteCountry "USA"]
[BlackCountry "USA"]
[WhiteElo "2308"]
[WhiteRD "71"]
[BlackElo "2285"]
[BlackRD "78"]
[GameID "293493"]

1. Nf3 Nf6 2. g3 d5 3. Bg2 c6 4. O-O Bg4 5. d3 e6 6. Nbd2 Be7 7. h3 Bh5 8. e4 O-O 9. Qe1 h6 10. Nh4 Nbd7
11. Ndf3 a5 12. g4 Ne8 13. gxh5 Bxh4 14. e5 Be7 15. Qe2
1-0

[Event "2011 SC Site Championship, Semifinal - Group III"]
[Site "SchemingMind.com"]
[Date "2011.09.25"]
[Round "-"]
[White "saxon"]
[Black "Uzi Mike"]
[Result "1-0"]
[WhiteCountry "GER"]
[BlackCountry "USA"]
[WhiteElo "2537"]
[WhiteRD "100"]
[BlackElo "2267"]
[BlackRD "74"]
[GameID "293494"]

1. d4 Nf6 2. c4 e6 3. Nf3 d5 4. g3 dxc4 5. Bg2 a6 6. O-O Nc6 7. e3 Bd7 8. Nc3 Nd5 9. Nd2 Nb6 10. Qe2 Na5
11. Nf3 Bb4 12. Bd2 Bc6 13. Nb1 Qd6 14. Qe1 Nd5 15. Ne5 Rb8 16. a3 Bxd2 17. Nxd2 Qe7 18. Nxc6 Nxc6 19. Nxc4 O-O 20. Rc1 Rbd8
21. Qe2 Qd7 22. Qc2 f5 23. Rfd1 Qc8 24. Nd2 Nce7 25. Nb3 c6 26. Nc5 a5 27. Qb3 b6 28. Nd3 Qc7 29. Rd2 Qd6 30. Bxd5 cxd5
31. Qb5 Rc8 32. Rdc2 Rxc2 33. Rxc2 Rd8 34. Qa6 Ng6 35. Qb7 Qb8 36. Rc7 Qxb7 37. Rxb7 Rd6 38. h4 h5 39. Rc7 Kh7 40. Kf1 Kg8
41. Ke2 a4 42. Kd2 Nf8 43. Kc3 Rd8 44. Kb4 Ra8 45. Rb7 Ng6 46. Rxb6 Kf7 47. Nc5 e5 48. Nxa4 exd4 49. exd4 Rc8 50. Rb7+ Kg8
51. Nc5 Re8 52. a4 Re2 53. b3 Ne7 54. Kb5 f4 55. a5 Nf5 56. a6 fxg3 57. fxg3 Re8 58. Kc6
1-0

[Event "2011 SC Site Championship, Semifinal - Group III"]
[Site "SchemingMind.com"]
[Date "2011.09.25"]
[Round "-"]
[White "bereolos"]
[Black "saxon"]
[Result "0-1"]
[WhiteCountry "USA"]
[BlackCountry "GER"]
[WhiteElo "2209"]
[WhiteRD "87"]
[BlackElo "2537"]
[BlackRD "100"]
[GameID "293511"]

1. d4 Nf6 2. c4 e6 3. Nc3 Bb4 4. g3 c5 5. Nf3 cxd4 6. Nxd4 O-O 7. Bg2 d5 8. cxd5 Nxd5 9. Qb3 Qa5 10. Bd2 Nc6
11. Nxc6 bxc6 12. O-O Bxc3 13. bxc3 Ba6 14. Rfd1 Qc5 15. e4 Bc4 16. Qa4 Nb6 17. Qb4 Qh5 18. Be3 Be2 19. Rd2 Rab8 20. Bxb6 axb6
21. Qd6 Rfc8 22. Rb1 h6= 23. e5 b5 24. Qc5 Bc4 25. a4 Qf5 26. Ra1 Bd5 27. a5 Qxe5 28. a6 b4 29. a7 Ra8 30. Qxb4 Rxa7
31. Rxa7 Qe1+ 32. Bf1 Qxd2 33. Qb7 Rf8 34. c4 Be4 35. Ra3 Qd6 36. Ra8 Rxa8 37. Qxa8+ Kh7 38. Qa7 Qd1 39. Qe3 Qf3 40. Qxf3 Bxf3
41. Bd3+ f5 42. Kf1 Kg6 43. Ke1 Kf6 44. Kd2 e5 45. Ke3 e4 46. Bc2 Ke5 47. c5 g5 48. Ba4 f4+ 49. gxf4+ gxf4+ 50. Kd2 Kd4
0-1

[Event "2011 SC Site Championship, Semifinal - Group III"]
[Site "SchemingMind.com"]
[Date "2011.09.22"]
[Round "-"]
[White "bereolos"]
[Black "thebirdolux"]
[Result "1-0"]
[WhiteCountry "USA"]
[BlackCountry "USA"]
[WhiteElo "2203"]
[WhiteRD "83"]
[BlackElo "2285"]
[BlackRD "78"]
[GameID "293512"]

1. d4 Nf6 2. c4 e6 3. g3 c5 4. d5 exd5 5. cxd5 b5 6. Nf3 Bb7 7. e4 Nxe4 8. Bg2 Be7 9. O-O O-O 10. Re1 f5
11. Nc3 Nxc3 12. bxc3 d6 13. Qe2 Bf6 14. Qxb5 Ba6 15. Qb3 Nd7 16. Bf4 Nb6 17. Re6 Bc4 18. Qd1 Nxd5 19. Rxd6 Nxf4 20. gxf4 Qe7
21. Ne5 Bxe5 22. fxe5 Rae8 23. Bd5+ Bxd5 24. Qxd5+ Kh8 25. Rd7 Qh4 26. Re1 f4 27. Qg2 Re7 28. e6 Kg8 29. Rxe7 Qxe7 30. Qd5
1-0

[Event "2011 SC Site Championship, Semifinal - Group III"]
[Site "SchemingMind.com"]
[Date "2011.09.26"]
[Round "-"]
[White "bereolos"]
[Black "Uzi Mike"]
[Result "1-0"]
[WhiteCountry "USA"]
[BlackCountry "USA"]
[WhiteElo "2210"]
[WhiteRD "85"]
[BlackElo "2243"]
[BlackRD "74"]
[GameID "293513"]

1. d4 Nf6 2. c4 e6 3. Nc3 Bb4 4. g3 c5 5. Nf3 O-O 6. Bg2 cxd4 7. Nxd4 d5 8. cxd5 Nxd5 9. Bd2 Nxc3 10. bxc3 Be7
11. Rb1 a6 12. O-O e5 13. Nc2 Nc6 14. Ne3 Bc5 15. Qc2 Kh8 16. Nd5 Be6 17. c4 Rb8 18. e3 Qd7 19. Bc3 Rfd8 20. Rfd1 Bg4
21. Rd2 Qe6 22. Nc7 Rxd2 23. Qxd2 Qg6 24. Rb3 Rd8 25. Nd5 b6 26. h3 Bf5 27. Qb2 Be4 28. Bxe4 Qxe4 29. Qe2 Nd4 30. Bxd4 exd4
31. Qd3 Qxd3 32. Rxd3 b5 33. exd4 bxc4 34. Re3 Bxd4 35. Re4 Bc5 36. Nc3 Rc8 37. Kf1 Bf8 38. Ke2 g6 39. Kd2 f5 40. Re6 Bc5
41. Nd1 a5 42. f3 Rd8+ 43. Kc2 Rd3 44. g4 Rxf3 45. Rc6 Bb4 46. Rxc4 Rxh3 47. gxf5 g5 48. f6 h5 49. Rc7 h4 50. Nb2 Rf3
51. Rg7 Rf5 52. Kd3 h3 53. Rg6
1-0

[Event "2011 SC Site Championship, Semifinal - Group III"]
[Site "SchemingMind.com"]
[Date "2011.09.25"]
[Round "-"]
[White "saxon"]
[Black "bereolos"]
[Result "1-0"]
[WhiteCountry "GER"]
[BlackCountry "USA"]
[WhiteElo "2527"]
[WhiteRD "102"]
[BlackElo "2193"]
[BlackRD "87"]
[GameID "293514"]

1. d4 Nf6 2. c4 g6 3. Nc3 Bg7 4. e4 d6 5. Nf3 O-O 6. h3 e5 7. d5 Na6 8. Bg5 h6 9. Be3 Nc5 10. Nd2 a5
11. Be2 Bd7 12. g4 c6 13. h4 a4 14. g5 hxg5 15. hxg5 Nh7 16. Rg1 Qa5 17. Qc2 cxd5 18. Nxd5 Rfe8 19. O-O-O Bc6 20. Nb1 Rac8
21. Bg4 Ne6 22. Bxe6 Rxe6 23. Nb6 Rc7 24. Nc3 a3 25. b3
1-0

[Event "2011 SC Site Championship, Semifinal - Group III"]
[Site "SchemingMind.com"]
[Date "2011.09.22"]
[Round "-"]
[White "thebirdolux"]
[Black "bereolos"]
[Result "0-1"]
[WhiteCountry "USA"]
[BlackCountry "USA"]
[WhiteElo "2285"]
[WhiteRD "78"]
[BlackElo "2203"]
[BlackRD "83"]
[GameID "293515"]

1. e4 e5 2. Nf3 Nc6 3. Bb5 a6 4. Ba4 Nf6 5. O-O Be7 6. Re1 b5 7. Bb3 d6 8. c3 O-O 9. d3 Na5 10. Bc2 c5
11. Nbd2 Nd7 12. Nf1 Nb6 13. Ng3 Nc6 14. a4 Nxa4 15. Bxa4 bxa4 16. Nf1 Bd7 17. Rxa4 Bf6 18. N3d2 Ne7 19. Ra1 d5 20. exd5 Nxd5
21. Nc4 Qc7
0-1

[Event "2011 SC Site Championship, Semifinal - Group III"]
[Site "SchemingMind.com"]
[Date "2011.09.26"]
[Round "-"]
[White "Uzi Mike"]
[Black "bereolos"]
[Result "1/2-1/2"]
[WhiteCountry "USA"]
[BlackCountry "USA"]
[WhiteElo "2282"]
[WhiteRD "74"]
[BlackElo "2213"]
[BlackRD "94"]
[GameID "293516"]

1. d4 Nf6 2. Nf3 g6 3. c4 Bg7 4. Nc3 O-O 5. e4 d6 6. Be2 e5 7. O-O Na6 8. Bg5 h6 9. Bh4 g5 10. dxe5 Nh5
11. Bg3 Nxg3 12. hxg3 dxe5 13. Qa4 Nc5 14. Qa3 Ne6 15. Rad1 Nd4 16. Nxd4 exd4 17. f4 c6 18. e5 Bf5 19. Qc5 gxf4 20. Rxd4 Qb6
21. Qxb6 axb6 22. gxf4 f6 23. exf6 Bxf6 24. Rd2 Bxc3 25. bxc3 Ra3 26. Rf3 Rfa8 27. Rg3+ Kh7 28. Bd3 Bxd3 29. Rdxd3 Rg8 30. Rd7+ Kh8
31. Rxg8+ Kxg8 32. Rxb7 Rxc3 33. Rxb6 Rxc4 34. g3 h5 35. Ra6 h4 36. Kg2 Kg7 37. gxh4 Rxf4 38. Kg3 Rd4 39. a4 Rb4 40. a5 Rb5
41. Ra7+ Kh6 42. Kf4 c5 43. Ke5 c4+ 44. Kd4 c3 45. Kxc3 Rf5 46. a6 Rf6 47. Ra8 Kh7 48. a7 Ra6 49. Kb4 Ra1 50. h5 Rb1+
51. Kc5 Rc1+ 52. Kb5 Rb1+ 53. Kc6 Rc1+ 54. Kd5 Rd1+ 55. Ke6 Re1+ 56. Kd7 Rd1+ 57. Kc7 Rc1+ 58. Kd6 Rd1+ 59. Ke7 Re1+ 60. Kf6 Rf1+
61. Ke5 Re1+ 62. Kf5 Rf1+ 63. Ke4 Re1+ 64. Kd3 Ra1 65. Kd4 Rd1+ 66. Kc4 Rc1+ 67. Kb3 Ra1 68. h6 Ra6 69. Kb4 Ra1 70. Kb5 Rb1+
71. Kc5 Rc1+ 72. Kd6 Rd1+ 73. Ke5 Re1+ 74. Kd5 Rd1+ 75. Kc6 Rc1+ 76. Kb6 Rb1+ 77. Kc7 Rc1+ 78. Kd7 Rd1+ 79. Ke7 Re1+ 80. Kf6 Rf1+
81. Kg5 Rg1+ 82. Kf5 Rf1+ 83. Ke4 Re1+ 84. Kd3 Rd1+ 85. Kc3 Ra1 86. Kd4 Ra4+ 87. Ke3 Ra3+ 88. Kd2 Ra2+ 89. Kd3 Ra3+ 90. Ke4 Ra4+
91. Kf3 Ra3+ 92. Kf2 Ra2+ 93. Ke1 Ra1+ 94. Ke2 Ra2+ 95. Kf1 Ra1+ 96. Kg2 Ra2+ 97. Kh3 Ra3+ 98. Kg4 Ra4+ 99. Kf5=
1/2-1/2

[Event "2011 SC Site Championship, Semifinal - Group III"]
[Site "SchemingMind.com"]
[Date "2011.09.25"]
[Round "-"]
[White "Zeidan"]
[Black "saxon"]
[Result "0-1"]
[WhiteCountry "LBN"]
[BlackCountry "GER"]
[WhiteElo "2153"]
[WhiteRD "84"]
[BlackElo "2485"]
[BlackRD "104"]
[GameID "293569"]

1. e4 e5 2. Nf3 Nc6 3. Bb5 a6 4. Bxc6 dxc6 5. O-O f6 6. d4 Bg4 7. c3 Bd6 8. Nbd2 Qe7 9. Qe2 Nh6 10. h3 Bh5
11. Rd1 Nf7 12. Nf1 exd4 13. cxd4 O-O-O 14. Ng3 Bxg3 15. fxg3 Rhe8 16. Re1 Bxf3 17. gxf3 Rxd4 18. Be3 Rd7 19. Rec1 Qe6 20. Kg2 f5
21. b4 fxe4 22. f4 Rd3 23. a4 Nd6 24. Rc5 Qb3 25. Bf2 e3 26. Be1 Ne4 27. Rcc1 Qd5
0-1

[Event "2011 SC Site Championship, Semifinal - Group III"]
[Site "SchemingMind.com"]
[Date "2011.09.22"]
[Round "-"]
[White "Zeidan"]
[Black "thebirdolux"]
[Result "1-0"]
[WhiteCountry "LBN"]
[BlackCountry "USA"]
[WhiteElo "2205"]
[WhiteRD "86"]
[BlackElo "2285"]
[BlackRD "78"]
[GameID "293570"]

1. e4 c5 2. Nf3 Nc6 3. Nc3 d6 4. Bb5 Bd7 5. O-O e6 6. d3 Nf6 7. Bg5 Be7 8. Bxc6 Bxc6 9. Qe2 O-O 10. Rae1 Nxe4
11. Nxe4 Bxe4 12. dxe4 Bxg5 13. Nxg5 Qxg5 14. f4 Qf6 15. c4 Qd4+ 16. Kh1 d5 17. cxd5 exd5 18. e5 Rad8 19. Rf3 Rfe8 20. Ref1
1-0

[Event "2011 SC Site Championship, Semifinal - Group III"]
[Site "SchemingMind.com"]
[Date "2011.09.26"]
[Round "-"]
[White "Zeidan"]
[Black "Uzi Mike"]
[Result "0-1"]
[WhiteCountry "LBN"]
[BlackCountry "USA"]
[WhiteElo "2145"]
[WhiteRD "83"]
[BlackElo "2312"]
[BlackRD "72"]
[GameID "293571"]

1. e4 c5 2. Nf3 e6 3. Nc3 a6 4. g3 Nc6 5. Bg2 d6 6. O-O Nf6 7. d3 Be7 8. Bg5 O-O 9. Qe2 Qb6 10. Na4 Qc7
11. Rae1 h6 12. Bc1 b5 13. Nc3 Bb7 14. a4 Qa5 15. axb5 axb5 16. Nh4 b4 17. Nd1 Nd4 18. Qd2 d5 19. c3 Nb3 20. Qc2 Na1
21. Qb1 d4 22. f4 b3 23. Nf2 Nc2 24. Re2 c4 25. Rxc2 bxc2 26. Qxc2 cxd3 27. Nxd3 dxc3 28. e5 Qb6+ 29. Kh1 cxb2 30. Bxb2 Ng4
0-1

[Event "2011 SC Site Championship, Semifinal - Group III"]
[Site "SchemingMind.com"]
[Date "2011.09.21"]
[Round "-"]
[White "Zeidan"]
[Black "bereolos"]
[Result "1-0"]
[WhiteCountry "LBN"]
[BlackCountry "USA"]
[WhiteElo "2139"]
[WhiteRD "89"]
[BlackElo "2210"]
[BlackRD "85"]
[GameID "293572"]

1. e4 e5 2. Nf3 Nc6 3. Bb5 a6 4. Bxc6 dxc6 5. O-O f6 6. d4 Bg4 7. c3 Bd6 8. Be3 Ne7 9. Nbd2 O-O 10. Qe2 Kh8
11. Rfd1 Ng6 12. h3 Be6 13. c4 exd4 14. Nxd4 Bd7 15. Nf5 Re8 16. Nxd6 cxd6 17. Qd3 Qe7 18. Nf3 Qxe4 19. Qxe4 Rxe4 20. Rxd6 Be8
21. b3 Kg8 22. Rad1 Kf7 23. c5 Ne7 24. Nd2 Re6 25. Nc4 Nd5 26. Rxe6 Kxe6 27. Nd6 Rb8 28. Bd4 b5 29. g4 Bg6 30. Kg2 a5
31. Kg3 a4 32. f4 Bc2 33. Re1+ Kd7 34. bxa4 bxa4 35. Re2 Bd3 36. Rd2 Ba6 37. Nf5 Rg8 38. Rb2 Bb5 39. Nd6 Rb8 40. f5 h6
41. h4 Nc7 42. a3 Ne8 43. Ne4 Ke7 44. Kf4 Rd8 45. Rd2 Bc4 46. g5 hxg5+ 47. hxg5 fxg5+ 48. Kxg5 Rb8 49. Bxg7 Nxg7 50. f6+ Kf8
51. fxg7+ Kxg7 52. Rd7+ Kf8 53. Kf6 Ke8 54. Ra7 Bb3 55. Ke5 Kf8 56. Kd6 Re8 57. Ng5 Bc2 58. Kxc6 Re3 59. Kd6 Rxa3 60. Ne6+ Kg8
61. c6 Rd3+ 62. Ke7
1-0

[Event "2011 SC Site Championship, Semifinal - Group III"]
[Site "SchemingMind.com"]
[Date "2011.09.25"]
[Round "-"]
[White "saxon"]
[Black "Zeidan"]
[Result "1-0"]
[WhiteCountry "GER"]
[BlackCountry "LBN"]
[WhiteElo "2485"]
[WhiteRD "104"]
[BlackElo "2153"]
[BlackRD "84"]
[GameID "293573"]

1. e4 Nc6 2. Nf3 e5 3. Bb5 Nf6 4. d3 d6 5. O-O Be7 6. c3 O-O 7. Re1 Bd7 8. Nbd2 Na5 9. Bxd7 Nxd7 10. Nf1 Nc6
11. Ng3 g6 12. a4 Bf6 13. Be3 a5 14. h3 Nc5 15. Bxc5 dxc5 16. Nf1 Qd6 17. Qc2 Rad8 18. Rad1 Bg7 19. Ne3 b6 20. Nc4 Qe7
21. Ne3= Kh8 22. Nd5 f5 23. Nxe7
1-0

[Event "2011 SC Site Championship, Semifinal - Group III"]
[Site "SchemingMind.com"]
[Date "2011.09.25"]
[Round "-"]
[White "thebirdolux"]
[Black "Zeidan"]
[Result "0-1"]
[WhiteCountry "USA"]
[BlackCountry "LBN"]
[WhiteElo "2285"]
[WhiteRD "78"]
[BlackElo "2205"]
[BlackRD "86"]
[GameID "293574"]

1. Nf3 d6 2. d4 g6 3. e4 Bg7 4. Nc3 c6 5. h3 Nd7 6. Be3 Ngf6 7. Be2 O-O 8. O-O e5 9. dxe5 dxe5 10. Qd6 Re8
11. Bc4 Nb6 12. Qxd8 Rxd8 13. Bb3 Re8 14. Ng5 Be6 15. Nxe6 fxe6 16. Rad1 Bf8 17. a3 Nfd7 18. Na4 Nxa4 19. Rxd7 Nc5
0-1

[Event "2011 SC Site Championship, Semifinal - Group III"]
[Site "SchemingMind.com"]
[Date "2011.09.26"]
[Round "-"]
[White "Uzi Mike"]
[Black "Zeidan"]
[Result "1-0"]
[WhiteCountry "USA"]
[BlackCountry "LBN"]
[WhiteElo "2312"]
[WhiteRD "72"]
[BlackElo "2145"]
[BlackRD "83"]
[GameID "293575"]

1. e4 d6 2. d4 g6 3. Nc3 Bg7 4. Nf3 Bg4 5. Be3 Nc6 6. Be2 e5 7. d5 Nce7 8. Qd3 Nf6 9. h3 Bxf3 10. Bxf3 O-O
11. O-O-O Nd7 12. h4 f5 13. h5 f4 14. Bd2 Nc5 15. Qf1 g5 16. Kb1 h6 17. Bg4 c6 18. f3 Qc7 19. Be1 Rfd8 20. Bf2 cxd5
21. Nxd5 Nxd5 22. Rxd5 a6 23. Qc4 Kh8 24. Qc3 Bf8 25. Rhd1 a5 26. a3 b6 27. g3 Qf7 28. Bf5 fxg3 29. Bxg3 Be7 30. f4 gxf4
31. Bxf4 Qf8 32. Be3 b5 33. Rg1 b4 34. Qd2
1-0

[Event "2011 SC Site Championship, Semifinal - Group III"]
[Site "SchemingMind.com"]
[Date "2011.09.25"]
[Round "-"]
[White "bereolos"]
[Black "Zeidan"]
[Result "1-0"]
[WhiteCountry "USA"]
[BlackCountry "LBN"]
[WhiteElo "2209"]
[WhiteRD "87"]
[BlackElo "2115"]
[BlackRD "85"]
[GameID "293576"]

1. d4 Nf6 2. c4 c5 3. d5 e5 4. Nc3 d6 5. e4 Nbd7 6. Bd3 a6 7. Nf3 Be7 8. h3 O-O 9. g4 Ne8 10. Qe2 Kh8
11. Be3 g6 12. O-O-O Ng7 13. Rdg1 Qc7 14. h4 h5 15. g5 Rd8 16. Nd2 Ne8 17. Nf1 Bf8 18. Ng3 Bg7 19. Nf5 Rb8 20. Kb1 b5
21. Nxg7 Nxg7 22. cxb5 axb5 23. Bxb5 Qa5 24. Ka1 Ne8 25. f4 exf4 26. Bxf4 Nc7 27. Bxd7 Rxd7 28. e5 Ba6 29. Qf2 Bc4 30. exd6 Nxd5
31. Be5+ Kg8 32. a3 Rb3 33. Rg3 Ra7 34. Nxd5
1-0

[Event "2011 SC Site Championship, Semifinal - Group III"]
[Site "SchemingMind.com"]
[Date "2011.09.27"]
[Round "-"]
[White "C. H. O'D. Schlechter"]
[Black "saxon"]
[Result "1/2-1/2"]
[WhiteCountry "USA"]
[BlackCountry "GER"]
[WhiteElo "2443"]
[WhiteRD "84"]
[BlackElo "2537"]
[BlackRD "100"]
[GameID "293611"]

1. e4 e5 2. Nf3 Nc6 3. Bc4 Bc5 4. b4 Bxb4 5. c3 Ba5 6. d4 exd4 7. O-O Nge7 8. Ng5 d5 9. exd5 Ne5 10. Bb3 O-O
11. cxd4 Ng4 12. Qf3 Nf6 13. Ba3 h6 14. Ne4 Nxe4 15. Qxe4 Re8 16. Bb2 Ng6 17. Qf3 Nh4 18. Qh5 Re4 19. d6 Qf6 20. f4 cxd6
21. Nc3 Bxc3 22. Bxc3 Bd7 23. Bxf7+ Qxf7 24. Qxh4 Rae8 25. Qg3 Bc6 26. Rae1 Rxe1 27. Rxe1 Rxe1+ 28. Bxe1 Qxa2 29. f5 Qd5 30. Bc3 Kf8
31. h4 a5 32. Qg6 Be8 33. Qe6 Qxe6 34. fxe6 a4 35. d5 Bg6 36. Kf2 Be4 37. e7+ Kxe7 38. Bxg7 h5 39. g4 hxg4 40. Kg3 Bxd5
41. Kxg4 a3 42. Bc3 Kd7 43. Bb4 a2 44. Bc3 Kc6 45. Kf4 Kc5 46. Ke3 Kc4 47. Kd2 Bf3 48. Ba1 d5 49. Bb2 Bh5 50. Ba1 Bg6
51. Ke3 Kb3 52. Kd2 b5 53. Bd4 Ka3=
1/2-1/2

[Event "2011 SC Site Championship, Semifinal - Group III"]
[Site "SchemingMind.com"]
[Date "2011.09.27"]
[Round "-"]
[White "C. H. O'D. Schlechter"]
[Black "thebirdolux"]
[Result "1-0"]
[WhiteCountry "USA"]
[BlackCountry "USA"]
[WhiteElo "2443"]
[WhiteRD "84"]
[BlackElo "2296"]
[BlackRD "86"]
[GameID "293612"]

1. e4 c5 2. Nf3 Nc6 3. Bb5 e6 4. O-O Nge7 5. c3 a6 6. Ba4 c4 7. Bc2 Ng6 8. Qe2 Nf4 9. Qe3 g5 10. Ne1 h5
11. d4 Bh6 12. Qf3 g4 13. Qd1 b5 14. Be3 d6 15. b3 cxb3 16. axb3 Qf6 17. Nd3 Bb7 18. Nd2 Nxd3 19. Bxd3 Bxe3 20. fxe3 Qh6
21. Qe2 O-O 22. h3 Kh8 23. hxg4 hxg4 24. Rf4 f5 25. exf5 Ne7 26. fxe6 Rxf4 27. exf4 Nd5 28. Qe4 Re8 29. Qg6 Qxg6 30. Bxg6 Rxe6
31. Be4 Re7 32. Kf2 Nxc3 33. Bxb7 Rxb7 34. Rxa6 d5 35. Kg3 Ne2+ 36. Kxg4 Rf7 37. f5 Rg7+ 38. Kh4 Rxg2 39. Nf3 Rf2 40. Kg4 Kh7
41. Ng5+ Kg7 42. Ra7+ Kg8 43. Ne6 Nc3 44. Rg7+
1-0

[Event "2011 SC Site Championship, Semifinal - Group III"]
[Site "SchemingMind.com"]
[Date "2011.09.27"]
[Round "-"]
[White "C. H. O'D. Schlechter"]
[Black "Uzi Mike"]
[Result "1-0"]
[WhiteCountry "USA"]
[BlackCountry "USA"]
[WhiteElo "2443"]
[WhiteRD "84"]
[BlackElo "2267"]
[BlackRD "74"]
[GameID "293613"]

1. e4 c5 2. Nf3 d6 3. d4 cxd4 4. Nxd4 Nf6 5. Nc3 a6 6. Be3 e6 7. Be2 Be7 8. f4 Qc7 9. O-O O-O 10. Kh1 b5
11. e5 dxe5 12. fxe5 Nfd7 13. Bf3 Bb7 14. Bxb7 Qxb7 15. Qh5 Nc6 16. Nf3 g6 17. Qh6 Ncxe5 18. Bd4 f6 19. Qh3 Qc6 20. Bxe5 fxe5
21. Ne4 Rf5 22. Rfe1 Qxc2 23. Ng3 Qxb2 24. Nxf5 exf5 25. Rad1 Ra7 26. g4 Bb4 27. Rb1 Qa3 28. Rb3 Qa4 29. Rd1 Nf8 30. gxf5 Bc5
31. fxg6 hxg6 32. Qg2 Re7 33. Rc1 Ba3 34. Rf1 e4 35. Nh4 Rg7 36. Rg3 Bd6 37. Nxg6 Qd4 38. Nf4 Bxf4 39. Rxg7+ Qxg7 40. Qxg7+ Kxg7
41. Rxf4 Ne6 42. Rxe4 Kf6 43. h4 Kf5 44. Re3 Kf6 45. Rg3 Nf4 46. Ra3 b4 47. Rxa6+ Ke7 48. Kh2 Nd3 49. h5
1-0

[Event "2011 SC Site Championship, Semifinal - Group III"]
[Site "SchemingMind.com"]
[Date "2011.09.27"]
[Round "-"]
[White "C. H. O'D. Schlechter"]
[Black "Zeidan"]
[Result "1-0"]
[WhiteCountry "USA"]
[BlackCountry "LBN"]
[WhiteElo "2409"]
[WhiteRD "91"]
[BlackElo "2145"]
[BlackRD "83"]
[GameID "293614"]

1. Nf3 d6 2. e4 g6 3. d4 Bg7 4. Bc4 c6 5. Bb3 Nf6 6. Qe2 O-O 7. O-O Bg4 8. Nbd2 Nbd7 9. h3 Bxf3 10. Nxf3 e5
11. dxe5 dxe5 12. c3 Qc7 13. Bc2 Rad8 14. Be3 b6 15. b4 Rfe8 16. a4 Nf8 17. Qa6 Ne6 18. a5 c5 19. axb6 axb6 20. Ra2 cxb4
21. Bxb6 Qxc3 22. Bxd8 Rxd8 23. Rb1 Nd7 24. Qb7 Bf8 25. Ba4 Nf4 26. Ng5 Be7 27. Nxf7 Kxf7 28. Bxd7 Kf8 29. Ra7 Qc5 30. Ba4 Ne2+
31. Kh2 Nc3 32. Ra1
1-0

[Event "2011 SC Site Championship, Semifinal - Group III"]
[Site "SchemingMind.com"]
[Date "2011.09.27"]
[Round "-"]
[White "C. H. O'D. Schlechter"]
[Black "bereolos"]
[Result "1-0"]
[WhiteCountry "USA"]
[BlackCountry "USA"]
[WhiteElo "2450"]
[WhiteRD "83"]
[BlackElo "2210"]
[BlackRD "85"]
[GameID "293615"]

1. e4 e5 2. Nc3 Nc6 3. Nf3 Nf6 4. Bb5 Bb4 5. O-O O-O 6. d3 d6 7. Bg5 Bxc3 8. bxc3 Qe7 9. Re1 Nd8 10. d4 Ne6
11. Bd2 c5 12. h3 Bd7 13. Bf1 Nc7 14. Bg5 Rfd8 15. Bh4 Bc6 16. a4 h6 17. Qc1 Nce8 18. Bd3 Qc7 19. d5 Bd7 20. Qe3 Rdb8
21. Be2 Nh7 22. Bg3 g5 23. h4 f6 24. Nh2 Qc8 25. a5 Ng7 26. hxg5 hxg5 27. Qf3 Kf7 28. Reb1 b5 29. axb6 Rxb6 30. Nf1 Rxb1
31. Rxb1 Rb8 32. Ra1 Qc7 33. Ba6 Nf8 34. Ne3 Ke7 35. Ng4 Bxg4 36. Qxg4 Qd7 37. Qd1 Qe8 38. f3 Nd7 39. Be1 Qh5 40. Be2 Rh8
41. Rxa7 Qh1+ 42. Kf2 Rh2 43. Bf1 Nh5 44. Qe2 c4 45. Bd2 Ng3 46. Qxc4 Rh7 47. Rxd7+ Kxd7 48. Qc6+ Ke7 49. Bb5 Kf7 50. Qe8+ Kg7
51. Qe7+ Kg8 52. Qd8+ Kg7 53. Bd7 Rh8 54. Qe7+ Kg6 55. Bf5+ Nxf5 56. exf5+ Kxf5 57. Bxg5 Rh6 58. Qe6+
1-0

[Event "2011 SC Site Championship, Semifinal - Group III"]
[Site "SchemingMind.com"]
[Date "2011.09.27"]
[Round "-"]
[White "saxon"]
[Black "C. H. O'D. Schlechter"]
[Result "1-0"]
[WhiteCountry "GER"]
[BlackCountry "USA"]
[WhiteElo "2551"]
[WhiteRD "97"]
[BlackElo "2450"]
[BlackRD "83"]
[GameID "293616"]

1. d4 d5 2. c4 e6 3. Nf3 Nf6 4. Nc3 Bb4 5. cxd5 exd5 6. Bg5 Nbd7 7. Qc2 c5 8. dxc5 h6 9. Bd2 O-O 10. e3 Bxc5
11. Bd3 a6 12. O-O Bd6 13. Rfd1 Nc5 14. Bf5 Be6 15. Nd4 Rc8 16. Rac1 Be5 17. Be1 Qd6 18. h3 Bxd4 19. Rxd4 Qe5 20. Bd3 Nxd3
21. Qxd3 Rc4 22. Rd1 Re8 23. Ne2 Bf5 24. Qa3 Bc2 25. Rc1 Be4 26. Bc3 Rc6 27. Ng3 Qe6 28. Qb3 Qe7 29. Rb4 b5 30. a4 bxa4
31. Rxa4 Nd7 32. Qd1 Rg6 33. Rca1 Nb8 34. Nxe4 dxe4 35. Ra5 Qb7 36. Rd5 Qc8 37. Kh1 Kh7 38. Ra4 Qc6 39. Rad4 Qf6 40. Kg1 Qh4
41. Rd6 Qg5 42. Rxg6 Qxg6 43. Rb4 a5 44. Rb7 Nc6 45. Qd5 Re6 46. Rc7 a4 47. Rd7 Kg8 48. Qb5 Kh7 49. Qb7 Ne5 50. Bxe5 Rxe5
51. Rxf7 Rg5 52. g3 Re5 53. Kg2 Re6 54. Qd7 Re5 55. Rf8 Qb6 56. h4 Qe6 57. Qxa4
1-0